Представление документа в формате MARC21

Поле Инд. ПП Название Значение
Тип записи a
Библиографический уровень b
001 Контрольный номер RU/IS/BASE/144154051
005 Дата корректировки 20200601191515.2
084 a Индекс другой классификации/Индекс ББК 66.06
a Индекс другой классификации/Индекс ББК 60.561.328
100 1_ a Автор Балашова А. Н.
245 a Заглавие Избирательный маркетинг: формирование команды кандидата
504 a Библиография Библиогр. ссылки
520 a Аннотация В данной статье рассматривается второй этап избирательной кампании кандидата - формирование команды, организационной структуры предвыборной кампании (отвественный за график кампании, группа принятия стратегических решений, финансовый отдел, информационно-аналитическая служба, отдел "паблик рилейшнз", отдел рекламы, юридический отдел, доверенные лица кандидата, руководитель добровольцев, комитет поддержки кандидата)
650 a Основная рубрика политика
a Основная рубрика политическая социология
a Основная рубрика политология
a Основная рубрика социология
653 a Ключевые слова выборы
a Ключевые слова избирательные кампании
a Ключевые слова избирательные технологии
a Ключевые слова избирательный маркетинг
a Ключевые слова менеджер избирательной кампании
a Ключевые слова организация избирательной кампании
a Ключевые слова политическая борьба
a Ключевые слова политическая деятельность
a Ключевые слова политические лидеры
a Ключевые слова политический маркетинг
a Ключевые слова руководитель избирательной кампании
a Ключевые слова технология избирательной кампании
773 t Заглавие источника Вестник Московского университета. Серия 18, Социология и политология
d Дата издания источника 2002
g Прочая информация № 1. - С. 145 - 164
w Контрольный № источника RU/IS/BASE/148577933
901 t Тип документа b